000 00460nam a2200181Ia 4500
001 11736
005 20260306162850.0
008 260306t2019||||xx |||||||||||||| ||spa||
041 _aESP
082 _aHR 100
_bV. 52/1 2019 AF
100 _aUniversidad de Navarra. Departamento de Filosofía
_eAUT
245 0 _aAnuario filosófico
260 _c2019
300 _a229 páginas :
_c21 cm.
650 _aGEN
654 _aCHU
942 _cREV
_dJUS
_fJUS
_2ddc
_n
999 _c11736
_d11736